000 00568nam a2200205Ia 4500
003 IN-BaIIA
008 211028s9999 xx 000 0 eng d
020 _a0-12-184803-5
040 _cIIA Library
080 _a530.1
_bESS-3
245 0 _aEssays in physics
_bvol. 3
_cedited by G. K. T. Conn and G. N. Fowler
260 _aLondon
_bAcademic Press
_c1971
300 _aix, 169p.
650 _aNASA thesaurus
650 _aPhysics
_973
650 _aTheoretical physics
_91581
700 _aConn, G. K. T., ed.
_97376
700 _aFolwler, G. N.
_97377
942 _cBK
999 _c4199
_d4199